000 00818nam a2200265Ia 4500
003 OSt
005 20220912151226.0
006 a|||||r|||| 00| 0
007 ta
008 220909b |||||||| |||| 00| 0 eng d
024 _a20918
037 _cTextual
040 _aCSL
_beng
_cCSL
041 _aeng
082 _aB2p1,N76, L8 EB
100 _aGordon Robert Ed.
111 _aPhiladelphia conference on representation theory of algebras (1976 : Temple University)
245 0 _aProceeding on representation theory of algebras
260 _aNew York
_b Marcel Dekker
_c1978
300 _avii, 463p.
_ccm.
490 _aLecture notes in pure and applied mathematics
650 _aAlgebra
942 _hB2p1,N76, L8 EB
_cTEXL
_2CC
999 _c63984
_d63984